| 000 | 01438nam a2200421 i 4500 | ||
|---|---|---|---|
| 999 |
_c2658 _d2658 |
||
| 001 | 020944251 | ||
| 003 | UkOxU | ||
| 005 | 20230807090529.0 | ||
| 006 | m || | | | ||
| 007 | co ||||||||||| | ||
| 008 | 170220s2017 enka 001|0|eng|d | ||
| 015 |
_aGBB729687 _2bnb |
||
| 016 | 7 |
_a018240366 _2Uk |
|
| 020 |
_a9781316637692 _qpaperback |
||
| 035 | _a(Uk)018240366 | ||
| 035 | _a(StEdALDL)1/3549535 | ||
| 040 |
_aStDuBDS _beng _erda _cStDuBDS _dUkOxU _dKH8 |
||
| 049 | _aCROBAR | ||
| 082 | 0 | 4 | _a570 JON |
| 100 | 1 |
_aJones, Mary, _d1950- _eauthor. |
|
| 245 | 1 | 0 |
_aCambridge IGCSE biology coursebook / _cMary Jones and Geoff Jones. |
| 250 | _aThird edition. | ||
| 250 | _aElevate enhanced edition. | ||
| 264 | 1 |
_aCambridge : _bCambridge University Press, _c2017. |
|
| 300 |
_avi, 345 pages : _billustrations ; _c28 cm. |
||
| 336 |
_atext _2rdacontent |
||
| 337 |
_aunmediated _2rdamedia |
||
| 337 |
_acomputer _2rdamedia |
||
| 338 |
_avolume _2rdacarrier |
||
| 338 |
_acomputer disc _2rdacarrier |
||
| 500 | _a"Cambridge International Examinations endorsed for teacher support"--Cover of Teacher's book. | ||
| 500 | _aIncludes index. | ||
| 500 | _aDate of publication taken from publisher's website. | ||
| 650 | 0 |
_aBiology _vProblems, exercises, etc. |
|
| 700 | 1 |
_aJones, Geoff, _d1948- _eauthor. |
|
| 710 | 2 |
_aUniversity of Cambridge. _bLocal Examinations Syndicate. _bInternational Examinations. |
|
| 942 |
_2ddc _cTR |
||